Charakteristika a využívanie záverov z aplikácie metódy medzinárodného porovnávania KONTER v práci ZŤS, k.p. Košice záverečná práca postgraduálneho štúdia

Guardado en:
Detalles Bibliográficos
Autor principal: Grünmann, Jozef
Autor Corporativo: Vysoká škola ekonomická v Bratislave
Otros Autores: Michník, Ľubomír
Formato: Libro
Lenguaje:eslovaco
Publicado: Bratislava 1990
Etiquetas: Agregar Etiqueta
Sin Etiquetas, Sea el primero en etiquetar este registro!

MARC

LEADER 00000nam a2200000 4500
001 c022126
005 20250512080953.5
041 0 |a slo 
044 |a SK 
245 1 0 |a Charakteristika a využívanie záverov z aplikácie metódy medzinárodného porovnávania KONTER v práci ZŤS, k.p. Košice  |b záverečná práca postgraduálneho štúdia  |c Jozef Grünmann ; Ved. práce Ľubomír Michník 
264 1 |a Bratislava  |c 1990 
300 |a 38 s. 
100 1 |a Grünmann, Jozef 
700 1 |a Michník, Ľubomír 
710 2 |a Vysoká škola ekonomická v Bratislave